<?xml version="1.0" encoding="UTF-8"?><?xml-stylesheet type="text/xsl" href="static/style.xsl"?><OAI-PMH xmlns="http://www.openarchives.org/OAI/2.0/" xmlns:xsi="http://www.w3.org/2001/XMLSchema-instance" xsi:schemaLocation="http://www.openarchives.org/OAI/2.0/ http://www.openarchives.org/OAI/2.0/OAI-PMH.xsd"><responseDate>2026-04-17T03:18:35Z</responseDate><request verb="GetRecord" identifier="oai:www.recercat.cat:2072/479603" metadataPrefix="marc">https://recercat.cat/oai/request</request><GetRecord><record><header><identifier>oai:recercat.cat:2072/479603</identifier><datestamp>2025-07-29T23:14:13Z</datestamp><setSpec>com_2072_98</setSpec><setSpec>col_2072_378192</setSpec></header><metadata><record xmlns="http://www.loc.gov/MARC21/slim" xmlns:dcterms="http://purl.org/dc/terms/" xmlns:xsi="http://www.w3.org/2001/XMLSchema-instance" xmlns:doc="http://www.lyncode.com/xoai" xsi:schemaLocation="http://www.loc.gov/MARC21/slim http://www.loc.gov/standards/marcxml/schema/MARC21slim.xsd">
   <leader>00925njm 22002777a 4500</leader>
   <datafield ind2=" " ind1=" " tag="042">
      <subfield code="a">dc</subfield>
   </datafield>
   <datafield ind2=" " ind1=" " tag="720">
      <subfield code="a">Izquierdo Andreu, Almudena</subfield>
      <subfield code="e">author</subfield>
   </datafield>
   <datafield ind2=" " ind1=" " tag="720">
      <subfield code="a">Salvo García, Irene</subfield>
      <subfield code="e">author</subfield>
   </datafield>
   <datafield ind2=" " ind1=" " tag="260">
      <subfield code="c">2024</subfield>
   </datafield>
   <datafield ind2=" " ind1=" " tag="520">
      <subfield code="a">"El canon latino hispánico en la tradición europea: la configuración de la Romania medieval" (RYC2021-031847-I), coordinado por la Universidad Autónoma de Madrid.</subfield>
   </datafield>
   <datafield ind2=" " ind1=" " tag="520">
      <subfield code="a">orma parte de la ayuda para contratos Juan de la Cierva Formación, ref. FJC2020-043453-I, financiada por MCIN/AEI /10.13039/501100011033 y por la Unión Europea Next Generation EU/PRTR.</subfield>
   </datafield>
   <datafield ind2=" " ind1=" " tag="520">
      <subfield code="a">Esta introducción pretente funcionar como una presentación al monográfico La materia troyana en la Edad Media peninsular: temáticas y textualidades. El trabajo se divide en dos partes, un primera que sirve como estado de la cuestión de los estudios de la materia de Troya medieval, y una segunda parte que presenta los trabajos de los/as investigadores/as que participan en el monográfico. La introducción cierra con un apartado de la bibliografía citada.</subfield>
   </datafield>
   <datafield ind2=" " ind1=" " tag="520">
      <subfield code="a">Aquesta introducció pretén funcionar com una presentació al monogràfic La materia troyana en la Edad Media peninsular: temáticas y textualidades. El treball es divideix en dues parts; una primera, que serveix com a estat de la qüestió dels estudis de la materia de Troia medieval, i una segona part que presenta els treballs dels participants al monogràfic. La introducció tanca amb un apartat amb la bibliografia citada.</subfield>
   </datafield>
   <datafield ind2=" " ind1=" " tag="520">
      <subfield code="a">This introduction is intended to work as a presentation to the monographic issue The matter of Troy in the peninsular Middle Ages: themes and textualities. It is divided in two parts; the first one works as a status questionis on the matter of Troy in the Middle Ages, and the second one presents the work of the contributors participating in this issue. The introduction ends with a bibliographical list.</subfield>
   </datafield>
   <datafield tag="653" ind2=" " ind1=" ">
      <subfield code="a">Introducción</subfield>
   </datafield>
   <datafield tag="653" ind2=" " ind1=" ">
      <subfield code="a">Introducció</subfield>
   </datafield>
   <datafield tag="653" ind2=" " ind1=" ">
      <subfield code="a">Introduction</subfield>
   </datafield>
   <datafield ind2="0" ind1="0" tag="245">
      <subfield code="a">Troya en la Edad Media peninsular : tramas textuales y prácticas creativas</subfield>
   </datafield>
</record></metadata></record></GetRecord></OAI-PMH>